| 000 | 01353nam a2200409 i 4500 | ||
|---|---|---|---|
| 001 | 14672 | ||
| 003 | KOSZ 005 | ||
| 005 | 20200709090241.0 | ||
| 008 | 080303s1967 pl a f 000 0 pol | ||
| 015 | _aPB 1967/9163 | ||
| 035 | _a991040369799705066 | ||
| 035 | _a(PL-WaBN)b20789919-48omnis_nlop | ||
| 035 | _ab20789919 | ||
| 035 | _a(OCoLC)812725841 | ||
| 035 | _a(PL)b0000002078991 | ||
| 035 | _a(EXLNZ-48OMNIS_NETWORK)9910114138005606 | ||
| 040 |
_aWA N _cWA N _dKOSZ 005/KK |
||
| 080 | _a69 | ||
| 245 | 0 | 0 |
_aKonserwacje, naprawy i remonty budynków / _cB. Pusiak [et al.]. |
| 260 |
_aWarszawa : _bPaństwowe Wydawnictwo Rolnicze i Leśne, _c1967. |
||
| 300 |
_a352 strony : _bilustracje ; _c23 cm. |
||
| 336 |
_2rdacontent _aTekst _btxt |
||
| 337 |
_2rdamedia _aBez urządzenia pośredniczącego _bn |
||
| 338 |
_2rdacarrier _aWolumin _bnc |
||
| 380 | _aKsiążki | ||
| 388 | _a1901-2000 | ||
| 490 | 1 | _aBudownictwo Wiejskie | |
| 504 | _aBibliografia na stronach 345-[346]. | ||
| 650 | 7 |
_aBudownictwo wiejskie _2DBN |
|
| 650 | 7 | _aNaprawa | |
| 658 | _aArchitektura i budownictwo | ||
| 700 | 1 | _aPusiak, Bernard. | |
| 830 | 0 | _aBudownictwo Wiejskie | |
| 856 |
_uhttp://koha.tu.koszalin.pl/cgi-bin/koha/opac-detail.pl?biblionumber=14672 _yKatalog online BPK |
||
| 942 |
_2UKD _cKS |
||
| 999 |
_c14672 _d14672 |
||